Social media and criminal justice practice outside the Anglophone countries

Saved in:  
Bibliographic Details
Main Author: Waszkiewicz, Paweł (Author)
Format: Print Article
Language:English
Published: 2024
In: Social media and law enforcement practice in Poland
Year: 2024, Pages: [1]-11
Check availability: HBZ Gateway
Keywords:

MARC

LEADER 00000naa a2200000 c 4500
001 1911959808
003 DE-627
005 20241211081754.0
007 tu
008 241211s2024 xx ||||| 00| ||eng c
020 |a 9781032680217 
035 |a (DE-627)1911959808 
035 |a (DE-599)KXP1911959808 
040 |a DE-627  |b ger  |c DE-627  |e rda 
041 |a eng 
084 |a 2,1  |2 ssgn 
100 1 |a Waszkiewicz, Paweł  |e VerfasserIn  |4 aut 
109 |a Waszkiewicz, Paweł 
245 1 0 |a Social media and criminal justice practice outside the Anglophone countries  |c Paweł Waszkiewicz 
264 1 |c 2024 
336 |a Text  |b txt  |2 rdacontent 
337 |a ohne Hilfsmittel zu benutzen  |b n  |2 rdamedia 
338 |a Band  |b nc  |2 rdacarrier 
500 |a Literaturverzeichnis: Seite 9-11 
650 4 |a Soziale Medien  |7 (dpeaa)DE-21/24-fid2,1 
650 4 |a Strafrecht  |7 (dpeaa)DE-21/24-fid2,1 
650 4 |a Historische Entwicklung  |7 (dpeaa)DE-21/24-fid2,1 
650 4 |a Rechtsvergleich  |7 (dpeaa)DE-21/24-fid2,1 
650 4 |a Empirische Forschung  |7 (dpeaa)DE-21/24-fid2,1 
651 4 |a Polen  |7 (dpeaa)DE-21/24-fid2,1 
773 0 8 |i Enthalten in  |t Social media and law enforcement practice in Poland  |d New York : Routledge, 2024  |g (2024), Seite [1]-11  |h viii, 120 Seiten  |w (DE-627)1887479473  |z 9781032680187  |z 9781032680217  |7 nnam 
773 1 8 |g year:2024  |g pages:[1]-11 
776 1 |o 10.4324/9781032680194-1 
951 |a AR 
ELC |b 1 
LOK |0 000 xxxxxcx a22 zn 4500 
LOK |0 001 4634525127 
LOK |0 003 DE-627 
LOK |0 004 1911959808 
LOK |0 005 20241211081754 
LOK |0 008 241211||||||||||||||||ger||||||| 
LOK |0 040   |a DE-21-110  |c DE-627  |d DE-21-110 
LOK |0 852   |a DE-21-110 
LOK |0 852 1  |m p  |9 00 
LOK |0 938   |k p 
LOK |0 939   |a 11-12-24  |b l01 
ORI |a SA-MARC-krimdoka001.raw